| 000 | 00752nam a2200289Ia 4500 | ||
|---|---|---|---|
| 008 | 171025s9999 xx 000 0 und d | ||
| 020 | _a380794381 | ||
| 050 | _a11.62 | ||
| 050 | _bL676 1998 | ||
| 100 | _aLewis, Valerie | ||
| 245 | _aBest books for children : | ||
| 245 | _ba lively, opinionated guide / | ||
| 245 | _cby Valerie Lewis and Walter M. Mayers. | ||
| 260 | _aNew York : | ||
| 260 | _bAvon Books, | ||
| 260 | _c1998 | ||
| 300 | _a708 pages : | ||
| 300 | _billustrations ; | ||
| 300 | _c23cm. | ||
| 500 | _aIncludes appendix and index. | ||
| 650 | _aChildren -- | ||
| 650 | _aChildren's literature -- | ||
| 650 | _xBibliography. | ||
| 650 | _xBooks and reading. | ||
| 700 | _aMayers, Walter M. | ||
| 700 | _aTitle. | ||
| 999 |
_c344763 _d344763 |
||